Sports Quiz

Random Sports Quiz

Giant Losses Quiz Stats

 Plays Quiz not verified by Sporcle

Score 0/18 Timer 05:00
0 Plays Today
Team % Correct
2011 GiantsWashington Redskins (28-14) Week 1
75.6%
2011 GiantsSeattle Seahawks (36-25) Week 5
70.9%
2011 GiantsPhiladelphia Eagles (17-10) Week 11
67.4%
2011 GiantsGreen Bay Packers (38-35, Damn you refs!!!)
65.1%
2007 GiantsDallas Cowboys (45-35) Week 1
64%
2011 GiantsWashington Redskins (23-10) Week 15
64%
1986 GiantsDallas Cowboys (31-28) Week 1
62.8%
2007 GiantsNew England Patriots (38-35) Week 17
62.8%
2011 GiantsNew Orleans Saints (49-24) Week 12
62.8%
Team % Correct
2011 GiantsSan Francisco 49ers (27-20) Week 10
59.3%
2007 GiantsDallas Cowboys (31-20) Week 10
54.7%
2007 GiantsGreen Bay Packers (35-13) Week 2
52.3%
1990 GiantsSan Francisco 49ers (7-3) Week 13
46.5%
1990 GiantsBuffalo Bills (17-13) Week 15
44.2%
2007 GiantsWashington Redskins (23-10) Week 15
44.2%
1990 GiantsPhiladelphia Eagles (31-13) Week 12
43%
2007 GiantsMinnesota Vikings (41-17, Damn you Darren Sharper) Week 12
41.9%
1986 GiantsSeattle Seahawks (17-12) Week 7
33.7%

You're not logged in!

Compare scores with friends on all Sporcle quizzes.
OR
Log In

Show Comments

Extras

Created Feb 22, 2012ReportNominate
Tags:giant, loss, score, team

Top Quizzes Today


Score Distribution

Your Account Isn't Verified!

In order to create a playlist on Sporcle, you need to verify the email address you used during registration. Go to your Sporcle Settings to finish the process.

Report this User

Report this user for behavior that violates our Community Guidelines.

Details: